Wszystkie dzielnice Warszawy na mapie - Statystyki

Ogólne statystyki
  • Ten quiz został rozwiązany 1 239 razy
  • Średni wynik to 13 z 18
Odpowiedzi na mapie
Odpowiedzi zakodowano w zielono-czerwonej skali na mapie do tego quizu, zgodnie z poniższymi procentami.
 
Statystyki odpowiedzi
Dzielnica % Poprawnych
Praga Północ
91%
Praga Południe
90%
Śródmieście
85%
Mokotów
80%
Ursynów
75%
Wola
73%
Żoliborz
71%
Ursus
70%
Włochy
70%
Bemowo
67%
Białołęka
67%
Wilanów
67%
Bielany
66%
Ochota
65%
Wawer
62%
Targówek
57%
Rembertów
55%
Wesoła
51%
Nie znaleziono quizów pasujących do podanych kryteriów
Rozkład punktacji
Procent ludzi z każdym wynikiem
Percentyl według liczby udzielonych odpowiedzi
Twoja historia wyników
Nie rozwiązałeś tego quizu